00537nam a2200169 a 4500008004100000020001500041050001900056100001600075245009300091260004000184300001800224350001300242650004200255650001500297650003800312700001700350091029s2004 ||||||||||||||||| || u a9982240315 aPN 6705.Z3 Cla aClarke, Roy14aThe worst of Kalaki and the best of YusscScript by Roy Clarke; animation by Trevor Ford aLusaka:bBookworld Publishersc2004 ax, 172p.: ill a60000.00 aCLARKE, ROY--COMIC BOOKS, STRIPS, ETC aJOURNALISM aCOMIC BOOKS, STRIPS, ETC.--ZAMBIA aFord, Trevor